000 00837nas a2200277 4500
001 BR8404639
003 BR-BrBNA
005 20231205090005.0
007 ta
008 230509b bl.|||p| |||| 00| 00por d
040 _aBR-BrBNA
_bpor
_cBiblioteca Nacional de Agricultura
041 _a(Pt)
072 _aL20; P40
100 1 _aLengler, S.
100 1 _aLink, D.
245 1 _aEfeito da umidade relativa do ar sobre a atividade de voo de algumas linhagens de abelhas (Apis mellifera)
650 _aMETEOROLOGIA
650 _aUMIDADE RELATIVA
650 _aAR
650 _aCOLMEIA
650 _aABELHA
650 _aLINHAGEM
773 0 _tRevista do Centro de Ciencias Rurais (Brazil)
_xISSN 0085-5901
_g(Apr-Jun 1984), v. 14(2) p. 143-146
_wBR8404639
909 _a202311
_bLúcia
_c55
_dLúcia Elande
942 _2AGRIS
_n0
_cANA
999 _c115324
_d115324